Name Style of Artwork (ONLY EXAM) - Statistics

General Stats
  • This quiz has been taken 8 times
  • The average score is 15 of 24
Answer Stats
Artwork Culture / Style % Correct
City of Cusco, including Qorikancha Inca
100%
Maize cobs Inca
100%
City of Machu Picchu Inca
100%
Yaxchilàn Mayan
100%
Templo Mayor Aztec
80%
Ruler's feather headresss Aztec
80%
Marilyn Dipytch Pop Art
80%
Lipstick (Ascending) on Caterpillar Tracks Pop Art
80%
Woman I Abstract Expressionism
60%
Chavìn de Huántar Chavìn
60%
All-T'oqapu tunic Inca
60%
Transformation mask Kwakwaka'wakw
60%
The Jungle Surrealism
60%
The Bay Color Field Paintings
40%
Painted elk hide Eastern Shoshone
40%
Narcissus Garden Happenings
40%
Seagram Building International Style
40%
Bandolier bag Lenape
40%
Dream of a Sunday Afternoon in the Alameda Park Mexican Muralist
40%
Great Serpent Mound Mississippian
40%
House in New Castle Country Post-Modernism
40%
Mesa Verde cliff dwellings Puebloan
40%
Black-on-black ceramic vessel Puebloan
40%
Spiral Jetty Site Art
40%
No matching quizzes found
Score Distribution
Percent of People with Each Score
Percentile by Number Answered
Your Score History
You have not taken this quiz